{"text_format":"3","workbook":"xlsx","n_sheets":1,"sheets":["材料"],"not_rendered":{"images":2},"read":"whole","date_system":"1900"}

{"sheet":"材料","index":0,"n_rows":103,"n_cols":6,"rows_kept":103,"merged":[[0,0,0,5],[1,0,1,5],[2,0,3,0],[2,1,3,1],[2,2,3,2],[2,3,3,3],[2,4,2,5],[3,6,3,7],[4,6,4,7],[5,6,5,7],[6,6,6,7],[7,6,7,7],[8,6,8,7],[9,6,9,7],[10,6,10,7],[11,6,11,7],[12,6,12,7],[13,6,13,7],[14,6,14,7],[15,6,15,7],[16,6,16,7],[17,6,17,7],[18,6,18,7],[19,6,19,7],[20,6,20,7],[21,6,21,7],[22,6,22,7],[23,6,23,7],[24,6,24,7],[25,6,25,7],[26,6,26,7],[27,6,27,7],[28,6,28,7],[29,6,29,7],[30,6,30,7],[31,6,31,7],[32,6,32,7],[33,6,33,7],[34,6,34,7],[35,6,35,7],[36,6,36,7],[37,6,37,7],[38,6,38,7],[39,6,39,7],[40,6,40,7],[41,6,41,7],[42,6,42,7],[43,6,43,7],[44,6,44,7],[45,6,45,7],[46,6,46,7],[47,6,47,7],[48,6,48,7],[49,6,49,7],[50,6,50,7],[51,6,51,7],[52,6,52,7],[53,6,53,7],[54,6,54,7],[55,6,55,7],[56,6,56,7],[57,6,57,7],[58,6,58,7],[59,6,59,7],[60,6,60,7],[61,6,61,7],[62,6,62,7],[63,6,63,7],[64,6,64,7],[65,6,65,7],[66,6,66,7],[67,6,67,7],[68,6,68,7],[69,6,69,7],[70,6,70,7],[71,6,71,7],[72,6,72,7],[73,6,73,7],[74,6,74,7],[75,6,75,7],[76,6,76,7],[77,6,77,7],[78,6,78,7],[79,6,79,7],[80,6,80,7],[81,6,81,7],[82,6,82,7],[83,6,83,7],[84,6,84,7],[85,6,85,7],[86,6,86,7],[87,6,87,7],[88,6,88,7],[89,6,89,7],[90,6,90,7],[91,6,91,7],[92,6,92,7],[93,6,93,7],[94,6,94,7],[95,6,95,7],[96,6,96,7],[97,6,97,7],[98,6,98,7],[99,6,99,7],[100,6,100,7],[101,6,101,7],[102,6,102,7]]}
["控制价清单表"]
["隆昌嘉盛农业废弃物加工项目——材料采购控制价清单"]
["序号","项目名称","计量\n单位","工程数量\n（暂估）","控制价（含税13%）"]
[{"$nulls":4},"单价\n(含税）","合价"]
[1,"现浇构件钢筋 钢筋 φ≤10","t",{"v":11.1,"d":"11.10"},{"$f":"ROUND(3435.76*1.13,20)","v":{"v":3882.4088,"d":"3882.41"}},{"$f":"ROUND(D5*E5,2)","v":43094.74}]
[2,"现浇构件钢筋 直径φ12～16","t",{"v":30.963,"d":"30.96"},{"v":3882.4088,"d":"3882.41"},120211.02]
[3,"现浇构件钢筋 直径＞φ16","t",{"v":8.631,"d":"8.63"},{"v":3882.4088,"d":"3882.41"},33509.07]
[4,"预埋铁件","t",{"v":3.643,"d":"3.64"},{"v":4746,"d":"4746.00"},17289.68]
[5,"钢屋架","t",{"v":11.046,"d":"11.05"},{"v":6192.4,"d":"6192.40"},68401.25]
[6,"钢管柱","t",{"v":6.708,"d":"6.71"},{"v":6192.4,"d":"6192.40"},41538.62]
[7,"钢支撑、钢拉条","t",2.07,{"v":6192.4,"d":"6192.40"},12818.27]
[8,"钢檩条","t",{"v":12.557,"d":"12.56"},{"v":6192.4,"d":"6192.40"},77757.97]
[9,"钢支架","t",{"v":4.968,"d":"4.97"},{"v":6192.4,"d":"6192.40"},30763.84]
[10,"零星钢构件","t",{"v":8.412,"d":"8.41"},{"v":6192.4,"d":"6192.40"},52090.47]
[11,"商品混凝土 C15","m3",187.48,438.44,82198.73]
[12,"商品混凝土 C25","m3",11.66,460.78,5372.69]
[13,"商品混凝土 C30","m3",268.87,471.75,126839.42]
[14,"页岩实心砖","千匹",{"v":82,"d":"82.00"},253.39,20777.98]
[15,"水泥","t",{"v":350,"d":"350.00"},{"v":400,"d":"400.00"},{"v":140000,"d":"140000.00"}]
[16,"碎石 综合","m3",{"v":800,"d":"800.00"},{"v":214,"d":"214.00"},{"v":171200,"d":"171200.00"}]
[17,"砂","m3",{"v":600,"d":"600.00"},{"v":226,"d":"226.00"},{"v":135600,"d":"135600.00"}]
[18,"消火栓机械应急启动装置","台",{"v":2,"d":"2.00"},9054.86,18109.72]
[19,"控制箱","台",{"v":2,"d":"2.00"},6728.12,13456.24]
[20,"配电箱","台",{"v":5,"d":"5.00"},6728.12,{"v":33640.6,"d":"33640.60"}]
[21,"电力电缆 WDZN-YJY-5*4","m",{"v":19,"d":"19.00"},24.94,473.86]
[22,"电力电缆 WDZBN-YJY-3*6","m",{"v":104,"d":"104.00"},17.06,1774.24]
[23,"电力电缆 WDZBN-YJY-1*6","m",{"v":52,"d":"52.00"},4.54,236.08]
[24,"电力电缆 WDZ-YJY-4x35+1x16","m",{"v":30,"d":"30.00"},127.54,{"v":3826.2,"d":"3826.20"}]
[25,"配管 SC100","m",{"v":20,"d":"20.00"},25.99,{"v":519.8,"d":"519.80"}]
[26,"配管 SC150","m",{"v":20,"d":"20.00"},62.15,{"v":1243,"d":"1243.00"}]
[27,"配管 SC50","m",{"v":20,"d":"20.00"},13.56,{"v":271.2,"d":"271.20"}]
[28,"配管 SC25","m",{"v":17,"d":"17.00"},4.52,76.84]
[29,"电力电缆头","个",{"v":44,"d":"44.00"},78.91,3472.04]
[30,"电力电缆头","个",{"v":5,"d":"5.00"},159.51,797.55]
[31,"接地极","块",{"v":2,"d":"2.00"},{"v":452,"d":"452.00"},{"v":904,"d":"904.00"}]
[32,"接地母线","m",{"v":10,"d":"10.00"},16.95,{"v":169.5,"d":"169.50"}]
[33,"接地母线","m",{"v":397.5,"d":"397.50"},16.95,6737.63]
[34,"避雷引下线","m",{"v":84,"d":"84.00"},16.95,{"v":1423.8,"d":"1423.80"}]
[35,"配管 PC20","m",{"v":488,"d":"488.00"},9.04,4411.52]
[36,"桥架","m",{"v":17,"d":"17.00"},64.41,1094.97]
[37,"配线 WDZ-BYJ 4mm2","m",{"v":806.4,"d":"806.40"},4.29,3459.46]
[38,"配线 WDZN-BYJ-2.5","m",{"v":497,"d":"497.00"},3.39,1684.83]
[39,"接线盒","个",{"v":148,"d":"148.00"},1.36,201.28]
[40,"工厂灯","套",{"v":30,"d":"30.00"},{"v":56.5,"d":"56.50"},{"v":1695,"d":"1695.00"}]
[41,"防水防尘工矿灯 25W节能灯","套",{"v":2,"d":"2.00"},84.75,{"v":169.5,"d":"169.50"}]
[42,"防水防尘工矿灯（自带蓄电池）","套",{"v":2,"d":"2.00"},{"v":90.4,"d":"90.40"},{"v":180.8,"d":"180.80"}]
[43,"壁装式应急灯","套",{"v":22,"d":"22.00"},{"v":67.8,"d":"67.80"},{"v":1491.6,"d":"1491.60"}]
[44,"吸顶式应急灯","套",{"v":6,"d":"6.00"},{"v":67.8,"d":"67.80"},{"v":406.8,"d":"406.80"}]
[45,"疏散指示标志灯","套",{"v":18,"d":"18.00"},{"v":192.1,"d":"192.10"},{"v":3457.8,"d":"3457.80"}]
[46,"消火栓泵","台",{"v":4,"d":"4.00"},{"v":7345,"d":"7345.00"},{"v":29380,"d":"29380.00"}]
[47,"潜水泵","台",{"v":4,"d":"4.00"},{"v":2825,"d":"2825.00"},{"v":11300,"d":"11300.00"}]
[48,"增压稳压设备","台",{"v":1,"d":"1.00"},{"v":2825,"d":"2825.00"},{"v":2825,"d":"2825.00"}]
[49,"气压罐","台",{"v":1,"d":"1.00"},{"v":1695,"d":"1695.00"},{"v":1695,"d":"1695.00"}]
[50,"消火栓","套",{"v":9,"d":"9.00"},{"v":791,"d":"791.00"},{"v":7119,"d":"7119.00"}]
[51,"灭火器","组",{"v":8,"d":"8.00"},{"v":169.5,"d":"169.50"},{"v":1356,"d":"1356.00"}]
[52,"镀锌管 DN100","m",{"v":15,"d":"15.00"},65.54,{"v":983.1,"d":"983.10"}]
[53,"闸阀 DN100","个",{"v":8,"d":"8.00"},{"v":226,"d":"226.00"},{"v":1808,"d":"1808.00"}]
[54,"Y型过滤器 DN100","组",{"v":3,"d":"3.00"},{"v":2260,"d":"2260.00"},{"v":6780,"d":"6780.00"}]
[55,"Y型过滤器 DN50","组",{"v":1,"d":"1.00"},1297.78,1297.78]
[56,"水表","个",{"v":2,"d":"2.00"},{"v":113,"d":"113.00"},{"v":226,"d":"226.00"}]
[57,"消火栓钢管 DN150","m",{"v":269,"d":"269.00"},{"v":90.4,"d":"90.40"},{"v":24317.6,"d":"24317.60"}]
[58,"螺纹阀门 DN150","个",{"v":22,"d":"22.00"},{"v":565,"d":"565.00"},{"v":12430,"d":"12430.00"}]
[59,"自动排气阀 DN25","个",{"v":4,"d":"4.00"},{"v":67.8,"d":"67.80"},{"v":271.2,"d":"271.20"}]
[60,"消火栓钢管 DN65","m",{"v":29.9,"d":"29.90"},{"v":67.8,"d":"67.80"},2027.22]
[61,"螺纹阀门 DN50","个",{"v":1,"d":"1.00"},87.01,87.01]
[62,"消火栓钢管  DN100","m",{"v":58,"d":"58.00"},58.35,{"v":3384.3,"d":"3384.30"}]
[63,"低压安全阀门  DN100","个",{"v":2,"d":"2.00"},300.65,{"v":601.3,"d":"601.30"}]
[64,"低压安全阀门  DN150","个",{"v":2,"d":"2.00"},{"v":452,"d":"452.00"},{"v":904,"d":"904.00"}]
[65,"止回阀 DN100","个",{"v":8,"d":"8.00"},{"v":452,"d":"452.00"},{"$f":"ROUND(D69*E69,2)","v":{"v":3616,"d":"3616.00"}}]
[66,"止回阀 DN150","个",{"v":4,"d":"4.00"},{"v":452,"d":"452.00"},{"v":1808,"d":"1808.00"}]
[67,"压力表","个",{"v":10,"d":"10.00"},{"v":113,"d":"113.00"},{"v":1130,"d":"1130.00"}]
[68,"旋流防止器","组",{"v":6,"d":"6.00"},1297.78,7786.68]
[69,"镀锌钢管 DN200","m",{"v":4,"d":"4.00"},101.14,404.56]
[70,"法兰阀门 DN200","个",{"v":2,"d":"2.00"},{"v":452,"d":"452.00"},{"v":904,"d":"904.00"}]
[71,"软接头（软管） DN200","个",{"v":2,"d":"2.00"},{"v":226,"d":"226.00"},{"v":452,"d":"452.00"}]
[72,"复合管","m",{"v":30,"d":"30.00"},{"v":56.5,"d":"56.50"},{"v":1695,"d":"1695.00"}]
[73,"PP-R管","m",{"v":200,"d":"200.00"},32.33,{"v":6466,"d":"6466.00"}]
[74,"小便器","组",{"v":2,"d":"2.00"},{"v":226,"d":"226.00"},{"v":452,"d":"452.00"}]
[75,"大便器","组",{"v":6,"d":"6.00"},{"v":565,"d":"565.00"},{"v":3390,"d":"3390.00"}]
[76,"塑料管","m",{"v":150,"d":"150.00"},{"v":56.5,"d":"56.50"},{"v":8475,"d":"8475.00"}]
[77,"地漏","个",{"v":3,"d":"3.00"},{"v":22.6,"d":"22.60"},{"v":67.8,"d":"67.80"}]
[78,"支架","个",{"v":50,"d":"50.00"},{"v":1695,"d":"1695.00"},{"v":84750,"d":"84750.00"}]
[79,"金属卷帘（闸）门","m2",60.48,{"v":172.5,"d":"172.50"},{"v":10432.8,"d":"10432.80"}]
[80,"防盗门","m2",11.25,{"v":264.5,"d":"264.50"},2975.63]
[81,"磨砂玻璃门","m2",4.84,{"v":207,"d":"207.00"},1001.88]
[82,"钢质防火门","m2",{"v":3.3,"d":"3.30"},{"v":747.5,"d":"747.50"},2466.75]
[83,"钢木质乙级防火门","m2",1.98,{"v":747.5,"d":"747.50"},1480.05]
[84,"金属（塑钢、断桥）窗","m2",85.05,247.25,21028.61]
[85,"防水卷材","m2",2037.98,{"v":22.6,"d":"22.60"},46058.35]
[86,"商品沥青混凝土","m3",{"v":7.5,"d":"7.50"},{"v":1029,"d":"1029.00"},{"v":7717.5,"d":"7717.50"}]
[87,"钢质花饰大门","m2",12.54,{"v":339,"d":"339.00"},4251.06]
[88,"钢丝网骨架PE管","m",{"v":700,"d":"700.00"},28.45,{"v":19915,"d":"19915.00"}]
[89,"钢带增强型排水塑料管","m",{"v":200,"d":"200.00"},{"v":135.6,"d":"135.60"},{"v":27120,"d":"27120.00"}]
[90,"止回阀 DN110","个",{"v":1,"d":"1.00"},{"v":565,"d":"565.00"},{"v":565,"d":"565.00"}]
[91,"闸阀DN150","个",{"v":5,"d":"5.00"},{"v":452,"d":"452.00"},{"v":2260,"d":"2260.00"}]
[92,"闸阀DN100","个",{"v":2,"d":"2.00"},{"v":361.6,"d":"361.60"},{"v":723.2,"d":"723.20"}]
[93,"室外消火栓","套",{"v":2,"d":"2.00"},{"v":1017,"d":"1017.00"},{"v":2034,"d":"2034.00"}]
[94,"镀锌焊接钢管DN300","m",{"v":21.8,"d":"21.80"},{"v":226,"d":"226.00"},{"v":4926.8,"d":"4926.80"}]
[95,"钢丝网围挡","m",{"v":800,"d":"800.00"},{"v":67.8,"d":"67.80"},{"v":54240,"d":"54240.00"}]
[96,"太阳能光伏板一体化路灯（ LED光源） 带5米灯杆","套",{"v":5,"d":"5.00"},{"v":1695,"d":"1695.00"},{"v":8475,"d":"8475.00"}]
[97,"成品塑钢化粪池","m3",{"v":8,"d":"8.00"},{"v":678,"d":"678.00"},{"v":5424,"d":"5424.00"}]
[98,"零星材料费","元",{"v":1,"d":"1.00"},113457.88,113457.88]
[99,"合计",{"$nulls":3},{"$f":"SUM(F5:F102)","v":1851592.67}]